Joan el Roig, pagès del segle X : El naixement d'un poble / Sebastià Sorribes El naixement d'un poble / Sebastià Sorribes
Publicado:
Barcelona :
Graó : Servei d'Ensenyament i Investigació de la Diputació de Barcelona ,
1985
Descripción Física:
60 p. : il. ; 20 x 21 cm
Colección:
Biblioteca de la classe ; 7
MARC
| LEADER | 00000nam a2200000Ia 4500 | ||
|---|---|---|---|
| 001 | 1929 | ||
| 008 | 160829s1985 xx 000 0 cat d | ||
| 080 | |a H-1-193 | ||
| 100 | |a Sorribas, Sebastià |9 25464 | ||
| 245 | |a Joan el Roig, pagès del segle X : |b El naixement d'un poble / Sebastià Sorribes | ||
| 260 | |a Barcelona : |b Graó : |b Servei d'Ensenyament i Investigació de la Diputació de Barcelona, |c 1985 | ||
| 300 | |a 60 p. : |b il. ; |c 20 x 21 cm | ||
| 490 | |a Biblioteca de la classe ; 7 | ||
| 650 | |a Catalunya |x Història |x S. IX/X |x Ensenyament |9 25466 | ||
| 710 | 1 | |a Barcelona (Catalunya : Província). |b Servei d'Ensenyament i Investigació |9 54366 | |
| 901 | |a Arxiu | ||
| 942 | |n 1 | ||
| 952 | |0 0 |1 0 |4 0 |6 H1193 |7 1 |9 43628 |a Arxiu |b Arxiu |d 2016-12-01 |l 0 |o H-1-193 |p 1929 |r 2016-12-01 00:00:00 |w 2016-12-01 |y ARXIU | ||
| 999 | |c 46176 |d 46176 | ||